Manufacturing processes for engineering materials / (Record no. 1030)

MARC details
000 -LEADER
fixed length control field 00776nac a22002051u 4500
010 ## - LIBRARY OF CONGRESS CONTROL NUMBER
LC control number 2002070096
020 ## - INTERNATIONAL STANDARD BOOK NUMBER
International Standard Book Number 0130408719
082 00 - DEWEY DECIMAL CLASSIFICATION NUMBER
Classification number 670.42
Item number K148
090 ## - LOCALLY ASSIGNED LC-TYPE CALL NUMBER (OCLC); LOCAL CALL NUMBER (OCLC)
-- 1030
-- 1030
100 ## - MAIN ENTRY--PERSONAL NAME
Personal name Kalpakjian, Serope,
245 10 - TITLE STATEMENT
Title Manufacturing processes for engineering materials /
Statement of responsibility, etc Serope Kalpakjian, Steven R. Schmid.
250 ## - EDITION STATEMENT
Edition statement 4th ed.
260 ## - PUBLICATION, DISTRIBUTION, ETC. (IMPRINT)
Place of publication, distribution, etc Upper Saddle River, N.J. :
Name of publisher, distributor, etc Prentice Hall,
Date of publication, distribution, etc c2003.
300 ## - PHYSICAL DESCRIPTION
Extent xvii, 954 p. :
Other physical details ill. ;
Dimensions 27 cm.
504 ## - BIBLIOGRAPHY, ETC. NOTE
Bibliography, etc Includes bibliographical references and index.
650 #0 - SUBJECT ADDED ENTRY--TOPICAL TERM
Topical term or geographic name as entry element Manufacturing processes.
700 1# - ADDED ENTRY--PERSONAL NAME
Personal name Schmid, Steven R.
942 ## - ADDED ENTRY ELEMENTS (KOHA)
Item type Book - Borrowing
Call number prefix 670.42K148
Holdings
Withdrawn status Item status Damaged status Not for loan Home library Current library Shelving location Date acquired Source of acquisition Total Checkouts Total Renewals Full call number Barcode Date last seen Date last borrowed Koha item type
        Central Library Central Library First floor 17/08/2006 Purchase 7 10 670.42 KAL 000003472 15/07/2025 20/03/2018 Book - Borrowing